000 00309nam a2200133Ia 4500
008 220216s9999 xx 000 0 und d
100 _aJessy M D
245 0 _aRubberinu idavila pineapple
260 _bKeralakarshakan
_c2014
300 _a13-14
650 _aIntercrop
650 _aPineapple
942 _cBS
999 _c48621
_d48621